Villes Françaises par Blason - Statistiques

Statistiques générales
  • Ce quiz a été pris 283 fois
  • Le résultat moyen est 8 sur 20
Statistiques - réponses
Par images Réponse % Correct
Paris
95%
Rennes
83%
Lyon
73%
Nantes
66%
Marseille
64%
Toulouse
61%
Nice
48%
Lille
41%
Bordeaux
40%
Strasbourg
39%
Perpignan
33%
Tours
30%
Orléans
17%
Montpellier
16%
Reims
16%
Le Havre
15%
Saint-Etienne
13%
Besançon
10%
Rouen
10%
Ajaccio
5%
Aucun quiz correspondant
Distribution des résultats
% des personnes avec chaque résultat
Percentile par nombre de réponses
Votre historique - résultats
Vous n’avez pas pris ce quiz